000 00372nam a2200121Ia 4500
008 240731s9999 xx 000 0 und d
022 _a1029-4953
245 0 _aRadiation Effects and Defects in Solids : Incorporating Plasma Science and Plasma Technology
260 _bTaylor & Francis
856 _uhttps://www.tandfonline.com/loi/grad20
942 _2ddc
942 _cTFEJ
999 _c79125
_d79125
945 _a1
_bMadushi Gamage
_c1
_dMadushi Gamage